Podział administracyjny państw Australii i Oceanii - Statystyki

Ogólne statystyki
  • Ten quiz został rozwiązany 545 razy
  • Średni wynik to 32 z 220
Odpowiedzi na mapie
Odpowiedzi zakodowano w zielono-czerwonej skali na mapie do tego quizu, zgodnie z poniższymi procentami.
 
Statystyki odpowiedzi
Państwo Typ Podział % Poprawnych
Nowa Zelandia Region Tasman
83%
Australia Stan Tasmania
81%
Australia Terytorium Australijskie Terytorium Stołeczne
73%
Australia Terytorium Terytorium Północne
70%
Australia Stan Nowa Południowa Walia
67%
Australia Stan Australia Zachodnia
65%
Australia Stan Queensland
65%
Nowa Zelandia Region Greater Wellington
64%
Australia Stan Australia Południowa
62%
Nowa Zelandia Region Auckland
56%
Australia Stan Wiktoria
55%
Papua-Nowa Gwinea Dystrykt Dystrykt Stołeczny
53%
Stany Zjednoczone Stan Hawaje
52%
Stany Zjednoczone Terytorium Samoa Amerykańskie
46%
Francja Terytorium zamorskie Nowa Kaledonia
45%
Wyspy Salomona Terytorium Terytorium Stołeczne
44%
Francja Terytorium zamorskie Polinezja Francuska
40%
Stany Zjednoczone Terytorium Guam
37%
Fidżi Dystrykt Zachodni
35%
Indonezja Prowincja Papua
31%
Indonezja Prowincja Papua Południowa
31%
Stany Zjednoczone Terytorium Mariany Północne
30%
Fidżi Dystrykt Wschodni
30%
Nauru Dystrykt Yaren
30%
Australia Terytorium zamorskie Norfolk
29%
Indonezja Prowincja Papua Zachodnia
28%
Palau Stan Angaur
27%
Wielka Brytania Terytorium Pitcairn
26%
Tuvalu Dystrykt Funafuti
25%
Francja Terytorium zamorskie Wallis i Futuna
24%
Papua-Nowa Gwinea Prowincja Prowincja Zachodnia
23%
Wyspy Salomona Prowincja Zachodnia
23%
Papua-Nowa Gwinea Region Bougainville
20%
Wyspy Salomona Prowincja Centralna
20%
Fidżi Dystrykt Centralny
20%
Papua-Nowa Gwinea Prowincja Prowincja Centralna
20%
Nowa Zelandia Terytorium Tokelau
20%
Wyspy Marshalla Dystrykt Majuro
19%
Papua-Nowa Gwinea Prowincja Oro
19%
Fidżi Dystrykt Północny
19%
Nowa Zelandia Region Southland
19%
Nowa Zelandia Region Northland
18%
Wyspy Marshalla Dystrykt Kili | Bikini | Ejit
16%
Indonezja Prowincja Papua Środkowa
16%
Mikronezja Stan Chuuk
14%
Australia Terytorium Jervis Bay
14%
Kiribati Rada plemienna Kiritimati
14%
Palau Stan Koror
14%
Wyspy Marshalla Dystrykt Lae
14%
Nowa Zelandia Region Nelson
14%
Papua-Nowa Gwinea Prowincja Nowa Irlandia
14%
Mikronezja Stan Yap
14%
Wyspy Salomona Prowincja Guadalcanal
12%
Papua-Nowa Gwinea Prowincja Nowa Brytania Wschodnia
12%
Mikronezja Stan Pohnpei
12%
Nowa Zelandia Terytorium Wyspy Chatham
12%
Nauru Dystrykt Ewa
11%
Nowa Zelandia Region Gisborne
11%
Mikronezja Stan Kosrae
11%
Kiribati Rada plemienna Maiana
11%
Papua-Nowa Gwinea Prowincja Nowa Brytania Zachodnia
11%
Nowa Zelandia Region Otago
11%
Indonezja Prowincja Papua Południowo-Zachodnia
11%
Fidżi Dependencja Rotuma
11%
Nowa Zelandia Region Waikato
11%
Nowa Zelandia Region West Coast
11%
Samoa Dystrykt Aʻana
10%
Kiribati Rada plemienna Banaba
10%
Nauru Dystrykt Boe
10%
Nauru Dystrykt Buada
10%
Nowa Zelandia Region Canterbury
10%
Nowa Zelandia Region Hawke's Bay
10%
Nowa Zelandia Region Manawatū-Whanganui
10%
Papua-Nowa Gwinea Prowincja Manus
10%
Nowa Zelandia Region Marlborough
10%
Tuvalu Dystrykt Nui
10%
Indonezja Prowincja Papua Górska
10%
Nowa Zelandia Region Taranaki
10%
Kiribati Rada plemienna Teinainano
10%
Vanuatu Prowincja Torba
10%
Nowa Zelandia Region Zatoka Obfitości
10%
Kiribati Rada plemienna Abaiang
9%
Kiribati Rada plemienna Abemama
9%
Wyspy Cooka Atol Aitutaki
9%
Nauru Dystrykt Aiwo
9%
Nauru Dystrykt Anabar
9%
Nauru Dystrykt Anetan
9%
Nauru Dystrykt Anibare
9%
Kiribati Rada plemienna Aranuka
9%
Wyspy Marshalla Dystrykt Arno
9%
Kiribati Rada plemienna Arorae
9%
Wyspy Cooka Atol Atiu
9%
Wyspy Marshalla Dystrykt Aur
9%
Wyspy Cooka Dystrykt Avarua
9%
Nauru Dystrykt Baitsi
9%
Kiribati Rada plemienna Beru
9%
Kiribati Rada plemienna Canton
9%
Papua-Nowa Gwinea Prowincja Chimbu
9%
Nauru Dystrykt Denigomodu
9%
Papua-Nowa Gwinea Prowincja Eastern Highlands
9%
Papua-Nowa Gwinea Prowincja Enga
9%
Tonga Grupa wysp ʻEua
9%
Kiribati Rada plemienna Eutan
9%
Papua-Nowa Gwinea Prowincja Gulf
9%
Tonga Grupa wysp Haʻapai
9%
Papua-Nowa Gwinea Prowincja Hela
9%
Nauru Dystrykt Ijuw
9%
Papua-Nowa Gwinea Prowincja Jiwaka
9%
Kiribati Rada plemienna Kuria
9%
Wyspy Marshalla Dystrykt Lib
9%
Papua-Nowa Gwinea Prowincja Madang
9%
Kiribati Rada plemienna Makin
9%
Wyspy Salomona Prowincja Malaita
9%
Kiribati Rada plemienna Marakei
9%
Wyspy Cooka Atol Mauke
9%
Wyspy Cooka Atol Mitiaro
9%
Papua-Nowa Gwinea Prowincja Morobe
9%
Tuvalu Dystrykt Nanumea
9%
Nauru Dystrykt Nibok
9%
Kiribati Rada plemienna Nikunau
9%
Tonga Grupa wysp Niua
9%
Kiribati Rada plemienna Nonouti
9%
Kiribati Rada plemienna Onotoa
9%
Wyspy Cooka Atol Palmerston
9%
Palau Stan Peleliu
9%
Wyspy Salomona Prowincja Rennell i Bellona
9%
Papua-Nowa Gwinea Prowincja Sandaun
9%
Vanuatu Prowincja Sanma
9%
Papua-Nowa Gwinea Prowincja Sepik Wschodni
9%
Vanuatu Prowincja Shefa
9%
Kiribati Rada plemienna Tabuaeran
9%
Kiribati Rada plemienna Tamana
9%
Kiribati Rada plemienna Teraina
9%
Tonga Grupa wysp Tongatapu
9%
Tuvalu Dystrykt Vaitupu
9%
Tonga Grupa wysp Vavaʻu
9%
Papua-Nowa Gwinea Prowincja Western Highlands
9%
Wyspy Marshalla Dystrykt Ailinglaplap
8%
Wyspy Marshalla Dystrykt Ailuk
8%
Palau Stan Aimeliik
8%
Palau Stan Airai
8%
Samoa Dystrykt Atua
8%
Kiribati Rada plemienna Betio
8%
Kiribati Rada plemienna Butaritari
8%
Wyspy Salomona Prowincja Choiseul
8%
Wyspy Marshalla Dystrykt Ebon
8%
Wyspy Marshalla Dystrykt Enewetok | Ujelang
8%
Samoa Dystrykt Faʻasaleleaga
8%
Palau Stan Hatohobei
8%
Wyspy Salomona Prowincja Isabel
8%
Wyspy Marshalla Dystrykt Jabat
8%
Wyspy Marshalla Dystrykt Jaluit
8%
Palau Stan Kayangel
8%
Wyspy Marshalla Dystrykt Kwajalein
8%
Niue Wioska Lakepa
8%
Wyspy Marshalla Dystrykt Likiep
8%
Niue Wioska Liku
8%
Niue Wioska Makefu
8%
Wyspy Salomona Prowincja Makira-Ulawa
8%
Vanuatu Prowincja Malampa
8%
Wyspy Marshalla Dystrykt Maloelap
8%
Wyspy Cooka Atol Mangaia
8%
Wyspy Cooka Atol Manihiki
8%
Wyspy Marshalla Dystrykt Mejit
8%
Palau Stan Melekeok
8%
Nauru Dystrykt Meneng
8%
Wyspy Marshalla Dystrykt Mili
8%
Papua-Nowa Gwinea Prowincja Milne Bay
8%
Wyspy Marshalla Dystrykt Namdrik
8%
Wyspy Marshalla Dystrykt Namu
8%
Tuvalu Dystrykt Nanumanga
8%
Palau Stan Ngaraard
8%
Palau Stan Ngarchelong
8%
Palau Stan Ngardmau
8%
Palau Stan Ngatpang
8%
Palau Stan Ngchesar
8%
Palau Stan Ngeremlengui
8%
Palau Stan Ngiwal
8%
Tuvalu Dystrykt Niutao
8%
Tuvalu Dystrykt Nukufetau
8%
Tuvalu Dystrykt Nukulaelae
8%
Vanuatu Prowincja Penama
8%
Wyspy Cooka Atol Penrhyn
8%
Wyspy Cooka Atol Pukapuka
8%
Wyspy Cooka Atol Rakahanga
8%
Wyspy Marshalla Dystrykt Rongelap
8%
Palau Stan Sonsorol
8%
Papua-Nowa Gwinea Prowincja Southern Highlands
8%
Vanuatu Prowincja Tafea
8%
Wyspy Salomona Prowincja Temotu
8%
Niue Wioska Toi
8%
Niue Wioska Tuapa
8%
Nauru Dystrykt Uaboe
8%
Wyspy Marshalla Dystrykt Ujae
8%
Wyspy Marshalla Dystrykt Utirik
8%
Wyspy Marshalla Dystrykt Wotho
8%
Wyspy Marshalla Dystrykt Wotje
8%
Samoa Dystrykt Aiga-i-le-Tai
7%
Niue Wioska Alofi North
7%
Niue Wioska Alofi South
7%
Wyspy Cooka Dystrykt Arorangi
7%
Niue Wioska Avatele
7%
Samoa Dystrykt Gagaʻemauga
7%
Samoa Dystrykt Gagaʻifomauga
7%
Niue Wioska Hakupu
7%
Niue Wioska Hikutavake
7%
Wyspy Cooka Dystrykt Matavera
7%
Niue Wioska Mutalau
7%
Niue Wioska Namukulu
7%
Wyspy Cooka Dystrykt Ngatangiia
7%
Kiribati Rada plemienna North Tabiteuea
7%
Samoa Dystrykt Palauli
7%
Samoa Dystrykt Satupaʻitea
7%
Kiribati Rada plemienna South Tabiteuea
7%
Wyspy Cooka Dystrykt Takitumu
7%
Niue Wioska Tamakautoga
7%
Samoa Dystrykt Tuamasaga
7%
Samoa Dystrykt Va'a-o-Fonoti
7%
Niue Wioska Vaiea
7%
Samoa Dystrykt Vaisigano
7%
Nie znaleziono quizów pasujących do podanych kryteriów
Rozkład punktacji
Procent ludzi z każdym wynikiem
Percentyl według liczby udzielonych odpowiedzi
Twoja historia wyników
Nie rozwiązałeś tego quizu